Quiz - Culture Football #2 - Statistiques

Statistiques générales
  • Ce quiz a été pris 323 fois
  • Le résultat moyen est 10 sur 20
Statistiques - réponses
Question Réponse % Correct
Quel pays remporte l'Euro 2004 en battant le Portugal lors de la finale ? Grèce
98%
Quelle est la nationalité d'Alexander Isak ? Suède
93%
Lequel de ces joueurs a joué en prêt au PSG ? Moise Kean
74%
Quel gardien n'a jamais commis d'erreur lors d'un pressing de Karim Benzema ? Alisson Becker
70%
Lequel de ces joueurs n'aurait pas pu jouer pour la France ? Achraf hakimi
65%
Lequel de ces sélectionneurs entraînent la sélection de son propre pays ? Luis de la Fuente
60%
Quel club anglais évolue dans le stade "Goodison Park" ? Everton
58%
Quel joueur a récupéré le légendaire numéro 7 de Cristiano Ronaldo au Real Madrid lors de la saison 2018/2019 ? Mariano Diaz
53%
Quelle nation élimine l'Allemagne lors du dernier match de la phase de poules de la Coupe du Monde 2018 ? Corée du Sud
51%
Quel est le seul joueur actuellement en Équipe de France qui est né à l'étranger ? Eduardo Camavinga
51%
Qui est le seul joueur de l'Atlético Madrid qui rate son pénalty pendant de la séance de tirs au but lors de la finale contre le Real Madrid en 2015/2016 ? Juanfran
51%
Lequel de ces gardiens n'évoluent pas en Italie cette saison ? Pepe Reina
40%
Lequel de ces joueurs n'est pas formé à l'Olympique Lyonnais ? Ferland Mendy
33%
Lequel de ces joueurs français n'a pas tiré lors de la séance de tirs au but face à la Suisse pendant l'Euro en 2021 ? Antoine Griezmann
30%
Lequel de ces joueurs a inscrit le moins de buts en Ligue des Champions ? Luis Suarez
28%
Lequel de ces joueurs est revenu d'Arabie Saoudite cet hiver après avoir été transféré cet été ? Jordan Henderson
26%
Quel joueur inscrit le but de la victoire pendant le match AS Monaco - Manchester City lors de l'épopée du club monégasque en Ligue des Champions en 2016/2017 ? Tiémoué Bakayoko
23%
Quel est le club formateur d'Olivier Giroud ? Grenoble Foot 68
16%
Qui était le coach du FC Barcelone lors du match contre le Bayern Munich pendant la Ligue des Champions en 2020 ( 8 - 2 ) ? Quique Setién
16%
Quel club est éliminé par l'Olympique de Marseille en demi-finale d'Europa League lors de la saison 2017/2018 ? RB Salzburg
14%
Aucun quiz correspondant
Distribution des résultats
% des personnes avec chaque résultat
Percentile par nombre de réponses
Votre historique - résultats
Vous n’avez pas pris ce quiz